000 01328cam a2200241 4500
001 ABS66103
008 021104n2002 000 0 eng u
035 _a(Sirsi) u120350
100 _aHighmore, S
245 _aMake your voice heard
260 _c2002
490 _aEstates Gazette
_v(0241) 12 October 2002, 174(1)
520 _aThe consultation on the new Land Registration Rules includes a proposal to introduce a mandatory prescribed form of lease. Article looks at the implications of this proposal for the property industry and advises those with an interest in property to respond to the consultation by 19 November. In particular, stresses that the timescale for implementing the new standard form of lease is unrealistic; the proposed lease will use a very different form to the present one and a large number of leases will be affected. Concludes that the standard form of lease should be introduced at a later date rather to allow the property industry to prepare properly. Consultation paper available from www.landreg.gov.uk
590 _aABS
650 _aLAND REGISTRATION RULES
650 _aHM LAND REGISTRY
650 _aPROPERTY INDUSTRY
650 _aCONVEYANCING
650 _aSTANDARD FORM OF LEASE
690 _aPROPERTY AND LAND LAW-CONVEYANCING
700 _aFenn, K
942 _n0
999 _c71508
_d71508